[Event "Seebach op 14th"]
[Site "Grossenseebach"]
[Date "2003.06.20"]
[Round "4"]
[White "Hofmann, Paul"]
[Black "Hoera, Martin"]
[Result "1-0"]
[WhiteElo "1734"]
[BlackElo "1526"]
[PlyCount "83"]
[EventDate "2003.06.19"]
[EventType "swiss"]
[EventRounds "7"]
[EventCountry "GER"]
[SourceTitle "EXT 2018"]
[Source "ChessBase"]
[SourceDate "2017.10.13"]
[SourceVersion "1"]
[SourceVersionDate "2017.10.13"]
[SourceQuality "1"]

1. e4 e6 2. c4 d5 3. exd5 exd5 4. d4 Nf6 5. Nc3 Be7 6. cxd5 Nxd5 7. Bc4 c6 8. Nge2 Be6 9. Qb3 b5 10. Bxd5 Bxd5 11. Nxd5 Qxd5 12. Qxd5 cxd5 13. 0-0 0-0 14. Nc3 Nc6 15. Be3 Bf6 16. Nxd5 Bxd4 17. Bxd4 Nxd4 18. Rfd1 Ne6 19. f4 g6 20. Rac1 Rfd8 21. g4 Kf8 22. f5 Ng7 23. f6 Ne6 24. Ne7 Rxd1+ 25. Rxd1 Ke8 26. Kf2 Rd8 27. Rxd8+ Nxd8 28. g5 Kd7 29. Ke3 Nc6 30. Nxc6 Kxc6 31. Kd4 Kd6 32. b4 a6 33. a3 Kc6 34. Ke5 Kc7 35. Kd5 Kd7 36. Kc5 Kc7 37. h3 Kd7 38. Kb6 Kd6 39. Kxa6 Kc6 40. h4 Kc7 41. Kxb5 Kb7 42. Kc5 1-0